000
00287nam a2200121Ia 4500
008
231106s2020 xx 000 0 und d
041
_a
eng
082
_a
751.42
100
_a
DAVE WOOLASS
245
_a
THE ART OF DRAWING WILD ANIMALS
260
_b
SEARCH PRESS
_c
2020
300
_a
P-96
999
_c
920138
_d
920138